Les collectivités territoriales (notice n° 2016977)

détails MARC
000 -LEADER
fixed length control field 01239cam a2200145 4500500
005 - DATE AND TIME OF LATEST TRANSACTION
control field 20260329064738.0
041 ## - LANGUAGE CODE
Language code of text/sound track or separate title fre
042 ## - AUTHENTICATION CODE
Authentication code dc
100 10 - MAIN ENTRY--PERSONAL NAME
Personal name Auber, Emmanuel
Relator term author
245 00 - TITLE STATEMENT
Title Les collectivités territoriales
260 ## - PUBLICATION, DISTRIBUTION, ETC.
Name of publisher, distributor, etc. Armand Colin,<br/>
Date of publication, distribution, etc. 2015.<br/>
520 ## - SUMMARY, ETC.
Summary, etc. Les collectivités territoriales sont des acteurs incontournables du paysage politique et administratif, tant à l’échelle nationale qu’européenne.Cet ouvrage vous propose une approche juridique exigeante, ainsi qu’un éclairage historique, institutionnel et financier sur les moyens d’action des administrations locales.Il se compose de trois grandes parties:-La décentralisation: principes fondamentaux et réforme territoriale-La territorialisation: les collectivités territoriales, l’État et l’Union européenne-La libre administration et la démocratie localeEntièrement refondue et actualisée, cette 3e édition tient compte des dernières é volutions législatives et réglementaires (Acte III de la décentralisation et, en particulier, loi NOTRe de 2015).
700 10 - ADDED ENTRY--PERSONAL NAME
Personal name Cervelle, Delphine
Relator term author
856 41 - ELECTRONIC LOCATION AND ACCESS
Uniform Resource Identifier <a href="https://shs.cairn.info/les-collectivites-territoriales-3e-ed--9782200602932?lang=fr&redirect-ssocas=7080">https://shs.cairn.info/les-collectivites-territoriales-3e-ed--9782200602932?lang=fr&redirect-ssocas=7080</a>

Pas d'exemplaire disponible.

PLUDOC

PLUDOC est la plateforme unique et centralisée de gestion des bibliothèques physiques et numériques de Guinée administré par le CEDUST. Elle est la plus grande base de données de ressources documentaires pour les Étudiants, Enseignants chercheurs et Chercheurs de Guinée.

Adresse

627 919 101/664 919 101

25 boulevard du commerce
Kaloum, Conakry, Guinée

Réseaux sociaux

Powered by Netsen Group @ 2025